000 00365nam a22001217a 4500
008 230605b xxu||||| |||| 00| 0 eng d
082 _a328.3453
_bSIT
100 _cSamuel Sitta, Willibrod Slaa and John Cheyo
_d2008
245 _aAfrica Research Institute
_bA Parliament with Teeth
260 _aTanzania
_bAfrica Research Institute
300 _a88 p
942 _2ddc
_cBK
999 _c438
_d438